Մանկավարժութեան հիմունքները / (Record no. 200852)
[ view plain ]
| 000 -LEADER | |
|---|---|
| fixed length control field | 00797nam a2200217 u 4500 |
| 001 - CONTROL NUMBER | |
| control field | 000538122 |
| 003 - CONTROL NUMBER IDENTIFIER | |
| control field | AM-YeHGA |
| 005 - DATE AND TIME OF LATEST TRANSACTION | |
| control field | 20250617135445.0 |
| 008 - FIXED-LENGTH DATA ELEMENTS--GENERAL INFORMATION | |
| fixed length control field | 070523s1931 ai | |||||||||||||arm|d |
| 040 ## - CATALOGING SOURCE | |
| Original cataloging agency | AM-YeHGA |
| 041 0# - LANGUAGE CODE | |
| Language code of text/sound track or separate title | arm |
| -- | fre |
| 090 ## - LOCALLY ASSIGNED LC-TYPE CALL NUMBER (OCLC); LOCAL CALL NUMBER (RLIN) | |
| -- | 202339 |
| 100 1# - MAIN ENTRY--PERSONAL NAME | |
| Personal name | Մինասեան, Բ. |
| 245 10 - TITLE STATEMENT | |
| Title | Մանկավարժութեան հիմունքները / |
| Statement of responsibility, etc. | Բ. Մինասեան; Հրատ.՝ Զ. խան Զարգարեան. |
| 246 11 - VARYING FORM OF TITLE | |
| Title proper/short title | Principes de pédagogie |
| 260 ## - PUBLICATION, DISTRIBUTION, ETC. | |
| Place of publication, distribution, etc. | Թաւրիզ : |
| Name of publisher, distributor, etc. | տպ. Ատրպատ Հայոց Թեմ, |
| Date of publication, distribution, etc. | 1931. |
| 300 ## - PHYSICAL DESCRIPTION | |
| Extent | 420 էջ : |
| Other physical details | աղյս. ; |
| Dimensions | 20 սմ. |
| 504 ## - BIBLIOGRAPHY, ETC. NOTE | |
| Bibliography, etc. note | Մատենագիտ. տողատ. ծանոթ.՝ ֆրանս. և հայ. |
| 650 14 - SUBJECT ADDED ENTRY--TOPICAL TERM | |
| Topical term or geographic name entry element | Մանկավարժություն |
| 700 1# - ADDED ENTRY--PERSONAL NAME | |
| Personal name | Զարգարեան, Զոհրաբ |
| Relator term | հրատ. |
| Relationship | pbl |
| Withdrawn status | Lost status | Source of classification or shelving scheme | Damaged status | Not for loan | Collection | Home library | Current library | Date acquired | Total checkouts | Full call number | Barcode | Date last seen | Price effective from | Koha item type | Public note |
|---|---|---|---|---|---|---|---|---|---|---|---|---|---|---|---|
| Universal Decimal Classification | Pogharian Individual Collection | Fundamental Scientific Library | Fundamental Scientific Library | 28/12/2016 | Պող/790 | FL0319236 | 28/12/2016 | 28/12/2016 | Գրքեր / Books | ILL Non-Circ. |
ՀՀ Գիտությունների ազգային ակադեմիայի հիմնարար գիտական գրադարան = Fundamental Scientific Library of NAS RA
All site content, except where otherwise noted, is licensed under a